| 000 | 00571nam a2200181Ia 4500 | ||
|---|---|---|---|
| 008 | 100921s9999 xx 000 0 und d | ||
| 082 |
_b28920 _a891.463 थ 97 |
||
| 100 | _aकाकडे द.स. | ||
| 245 | _aवंश. | ||
| 260 |
_bचंद्रमौळी प्रकाशन, पुणे. _c1997 |
||
| 300 |
_a160 _bरसिक साहित्य,पुणे |
||
| 365 | _b120 | ||
| 520 | _aललित-कादंबरी. | ||
| 630 | _aवंश. | ||
| 650 | _aललित-कादंबरी. | ||
| 730 | _aवंश. | ||
| 942 | _cBOOK | ||
| 999 |
_c778033 _d778030 |
||